000 01583cam a22004454i 4500
003 PE-LiUPU
005 20250731173440.0
008 150616s1970 sp r 000 0 spa d
035 _a(Sirsi) a5649
040 _aPE-LiUPU
_bspa
_cPE-LiUPU
_erda
049 _aPRUA
082 0 4 _a262.52
_bC72
_221
100 1 _aCollantes, Justo,
_eautor.
245 1 3 _aLa Cara Oculta del Vaticano I.
264 1 _aMadrid :
_bBiblioteca de Autores Cristianos,
_c1970.
300 _a280 páginas ;
_c16 cm.
336 _atext
_2rdacontent
337 _aunmediated
_2rdamedia
338 _avolume
_2rdacarrier
505 0 _aPanorámica político-religioso -- El problema de la eclesiología en general -- La colegialidad del episcopado -- La colegialidad papal.- El concilio Vaticano I y el ecumenismo -- La iglesia y el mundo.
526 _aSEG42
526 _aSEG41
526 _aSEG40
526 _aSEG39
526 _aP94
526 _aP87
526 _aP86
526 _aP85
526 _aP77
526 _aP76
526 _aP35
650 0 4 _aCONCILIO VATICANO I, 1869-1870.
910 _ajck
_bjvq
_cjck
942 _2ddc
_cBOOK
949 _a262.52 C72
_wDEWEY
_c1
_i39407
_lCCODEBUL1
_mBUL
_p40.00
_r0
_sY
_tBOOK
_u19950929
_xTEOLOGIA
_zUNKNOWN
_0COMPRA
_o.STAFF. Colección Teología
994 _aC0
_bPEPRU
596 _a1
999 _a262.52 C72
_wDEWEY
_c56700
_i39407
_d56700
_e2019-9-18
_f2021-11-12
_g5
_lCCODEBUL1
_mBUL
_n1
_p40.00
_r0
_sY
_tBOOK
_u2015-6-16
_xTEOLOGIA
_PP35
_0COMPRA
_o.STAFF. Colección Teología
980 _81
_gALBERTO SANCHEZ Responsable de Automatización